000 00587nam a2200193Ia 4500
003 LK-CoDNM
005 20240318131115.0
008 010623t1925 xxu||||| |||| 00| 1 sin d
040 _aLK-CoDNM
_dLK-CoDNM
_eLK-CoDNM
041 _asin
080 _a104 II12
100 _aBuddharakshita thero,Sri Siddhartha
245 _aශ්‍රී සද්ධර්මාවවාද සංග්‍ර‍හය
246 _aSri Saddharmaavavaada Sangraha
260 _bW.J.Vanigasekara,D.De.Silva
_aKataluva
_c1925
300 _bDamaged
_av,594p.,22 cm
650 _aBuddhism
942 _cBK
999 _c93087
_d93087